000 00828nam a22002537a 4500
001 9616
003 FISKH
005 20260126103827.0
008 260126b cb ||||| |||| 00| 0 eng d
020 _a9781035008636
040 _aFISKH
_beng
_cFISKH
_dFISKH
050 _aPZ7.1 .T4479
082 _a813.6
100 _aThomas, Aiden
_eAuthor
245 _aCemetery boys /
_cAiden Thomas
260 _aLondon :
_bMacmillan Children's Books ,
_c2022
300 _a344 pages :
_c20 cm
490 _aCemetery boys
_v1
520 _aYadriel, a trans boy, summons the angry spirit of his high school's bad boy, and agrees to help him learn how he died, thereby proving himself a brujo, not a bruja, to his conservative family.
650 _aFantasy
_vFiction
650 _aGay
_vGhosts
942 _2ddc
_cBK
_n0
999 _c9616
_d9616